Toutes les communes des Côtes d'Armor en breton sur une carte - Statistiques

Statistiques générales
  • Ce quiz a été pris 12 fois
  • Le résultat moyen est 26 sur 344
Réponses sur la Carte
Les réponses sont colorées sur une échelle allant du rouge au vert en fonction du pourcentage des utilisateurs qui les ont devinées à leur premier essai. Vous pouvez retrouver ces pourcentages ci-dessous.
 
Statistiques - réponses
Poblañs Kumun % Correct
14 682 Dinan
56%
7 115 Gwengamp
56%
16 689 Lambal-Arvor
56%
20 451 Lannuon
44%
4 560 Plouha
44%
44 166 Sant-Brieg
44%
3 916 Erge-ar-Mor
33%
2 233 Kallag
33%
1 516 Kawan
33%
2 822 Kintin
33%
9 652 Loudieg
33%
1 466 Mêl-Karaez
33%
7 142 Pempoull
33%
6 920 Pledran
33%
14 459 Plerin
33%
3 837 Pleuveur-Bodoù
33%
1 189 Pleuveur-Gaoter
33%
1 065 Plounevez-Kintin
33%
172 Purid-Kintin
33%
1 289 Sant-Ke-Perroz
33%
3 159 Sant-Ke-Porzh-Olued
33%
3 701 Trebeurden
33%
193 Treduder
33%
2 549 Tregastell
33%
1 080 Uzel
33%
1 148 Andel
22%
1 522 an Trevoù
22%
946 ar Merzher
22%
4 810 Bear
22%
415 Bulad-Pestivien
22%
1 725 Goudelin
22%
653 Karnoed
22%
654 Kergrist-Moeloù
22%
250 Kerien-Boulvriag
22%
922 Korle
22%
2 411 Landreger
22%
802 Logivi-Plougraz
22%
69 Lokenvel
22%
3 086 Louaneg
22%
395 Melioneg
22%
2 753 Pabu
22%
1 856 Pederneg
22%
7 149 Perroz-Gireg
22%
750 Pleven
22%
3 635 Plistin
22%
2 195 Plouared
22%
1 143 Ploueg-Pontrev
22%
11 487 Ploufragan
22%
1 581 Ploulec'h
22%
787 Plounerin
22%
328 Plourac'h
22%
1 000 Pontrev
22%
2 671 Roc'h-ar-Yeodi
22%
3 132 Rostrenenn
22%
396 Sant-Jili-ar-C'hoad
22%
342 Sant-Jili-ar-C'hozhvarc'had
22%
304 Sant-Jili-Plijo
22%
3 313 Sant-Kast-ar-Gwildoù
22%
311 Sant-Varzhin-Korle
22%
910 Sant-Yagu-an-Enez
22%
482 Sant-Yowan-an-Enez
22%
540 Trefrin
22%
633 Tregedel
22%
104 Treogan
22%
1 688 Treve
22%
596 Alineg
11%
6 412 Ar Menez
11%
667 ar Vouster
11%
1 029 Benac'h
11%
6 862 Binig-Staol
11%
2 125 Boulvriag
11%
777 Bourc'h-Kintin
11%
2 910 Bronn
11%
376 Duaod
11%
377 Enez-Vriad
11%
1 783 Evrann
11%
1 602 Frehel-Pleherel
11%
2 548 Gras
11%
430 Gras-Uzel
11%
1 350 Groñvel
11%
405 Gurunuhel
11%
216 Gwenroc'h
11%
2 467 Gwerledan
11%
4 977 Ilfinieg
11%
842 Kamlez
11%
2 503 Kaon
11%
899 Kaouenneg-Lanvezeeg
11%
3 955 Kastellaodren-Plagad
11%
1 061 Kemper-Gwezhenneg
11%
655 Kerfod
11%
3 868 Kesoue
11%
1 643 Krehen
11%
175 Landebaeron
11%
1 149 Langenan
11%
1 781 Lannolon
11%
410 Lokarn
11%
2 328 Louergad
11%
3 146 Medrigneg
11%
354 Mêl-Pestivien
11%
2 473 Perwenan
11%
1 335 Plehedel
11%
2 434 Plened-Yugon
11%
1 635 Plestan
11%
2 283 Pleuvihan
11%
756 Plevenon
11%
420 Ploareg
11%
4 108 Ploheg-Peniti
11%
3 126 Ploueg-ar-Mor
11%
1 610 Plougernevel
11%
1 463 Plounevez-Moedeg
11%
5 405 Plouvagor
11%
1 158 Plouvara
11%
225 Plouzelambr
11%
723 Plua
11%
533 Plufur
11%
1 543 Plurien
11%
546 Pluskelleg
11%
615 Pont-Melvez
11%
7 315 Porzhig
11%
1 117 Prad
11%
1 778 Rospezh
11%
1 447 Sant-Donan
11%
388 Sant-Herve
11%
1 119 Sant-Karadeg
11%
1 522 Sant-Kareg
11%
293 Sant-Konan
11%
260 Sant-Koneg
11%
308 Sant-Mikael-Plelann
11%
1 555 Sant-Nikolaz-ar-Pelem
11%
668 Sant-Yann-Gerdaniel
11%
237 Senven-Lehard
11%
1 201 Tonkedeg
11%
1 457 Tredraezh-Lokemo
11%
1 094 Treglañviz
11%
1 242 Trelêvern
11%
351 Tremeven
11%
2 187 Tremuzon
11%
798 Treveneg
11%
787 Treveur
11%
157 al Leslae
0%
907 an Hengleuz
0%
347 ar C'haeoù
0%
384 ar Chapel-Nevez
0%
210 ar Chapel-Wenn
0%
567 ar C'hillioù
0%
1 280 ar C'houerc'had
0%
400 ar Faved
0%
1 403 ar Fouilh
0%
645 ar Gozh-Korle
0%
886 ar Vezvid
0%
1 254 ar Vinic'hi
0%
2 146 ar Voudenn
0%
273 Berc'hed
0%
1 249 Berrepoz-ar-Blavezh
0%
162 Bodeoù
0%
3 956 Bosez-Poudour
0%
1 054 Boskazou
0%
1 182 Boursaout
0%
1 137 Bowidel
0%
1 696 Brehant-Monkontour
0%
291 Brelidi
0%
495 Brengoloù
0%
1 166 Bruzivili
0%
682 Erieg
0%
779 Eviaz
0%
554 Gouanac'h
0%
543 Gouvene
0%
619 Gwalc'hion
0%
952 Gwareg
0%
1 257 Gwilde-Gwengalon
0%
718 Gwitei
0%
1 328 Henant-Bihan
0%
1 201 Henant-Sal
0%
2 298 Henon
0%
724 Henvoustoer
0%
4 246 Hilion
0%
674 Ilifav
0%
1 123 Ivinieg
0%
227 Kalanel
0%
345 Kanuhel
0%
361 Kaorel
0%
363 Kaouennieg
0%
393 Kemperven
0%
269 Kerbêr
0%
288 Kerborzh
0%
737 Kerorgen
0%
2 223 Kersaout
0%
1 074 Kervaria-Sular
0%
1 113 Kerveskont
0%
436 Kervoroc'h
0%
3 970 Kever
0%
561 Kez
0%
360 Kistenid
0%
261 Koadaskorn
0%
567 Koadoud
0%
500 Koatreven
0%
1 792 Koedmaeg
0%
454 Landebiav
0%
1 424 Landehen
0%
1 099 Lanfeun
0%
540 Langadiarn
0%
7 824 Langaeg
0%
1 139 Langoad
0%
974 Langorlae
0%
373 Lanhervoed
0%
122 Lanleñv
0%
726 Lannandeg
0%
439 Lannebeur
0%
1 744 Lannidig
0%
852 Lanrelaz
0%
737 Lanreunan
0%
1 364 Lanrodeg
0%
1 582 Lanseeg
0%
595 Lanvaeleg
0%
4 209 Lanvalae
0%
402 Lanvaodez
0%
1 331 Lanvealgon
0%
611 Lanvelor
0%
592 Lanvilin
0%
2 533 Lanyugon-Kumun-Nevez
0%
449 Larruen
0%
215 Leskoed-Gwareg
0%
1 532 Lezardrev
0%
247 Lohueg
0%
453 Lokmikael-an-Traezh
0%
628 Loskoed-ar-Mozon
0%
1 042 Maez-Geraod
0%
84 Magor
0%
236 Mantallod
0%
1 704 Matignon
0%
827 Megrid
0%
234 Merelieg
0%
428 Merleag
0%
752 Monkontour
0%
644 Mousteruz
0%
956 Noual-Pentevr
0%
920 Oskaleg
0%
1 830 Pañvrid-ar-Beskont
0%
682 Paoul
0%
628 Pellann
0%
606 Pengilli
0%
876 Perenezeg
0%
2 124 Peuñvrid
0%
3 040 Plaeraneg
0%
3 018 Plangoed
0%
934 Planiel
0%
819 Pleboull
0%
1 478 Pledeliav
0%
1 917 Plelann-Vihan
0%
3 867 Plelin-Tragavoù
0%
1 647 Plenaod
0%
4 069 Pleneg-Nantraezh
0%
4 501 Pleneventer
0%
1 112 Plerneg
0%
3 009 Pleudehen
0%
3 239 Pleuloc'h
0%
1 222 Pleuzal
0%
1 591 Plevig
0%
3 728 Plezeved
0%
1 383 Plian
0%
562 Plijidi
0%
1 721 Plouan
0%
3 736 Ploubêr
0%
743 Plougonveur
0%
2 429 Plougonwaz-Lanwal
0%
1 160 Plougouskant
0%
415 Plougraz
0%
3 515 Plouhern
0%
2 452 Plouilio
0%
2 002 Plouizi
0%
2 040 Plourc'han
0%
2 262 Plourivioù
0%
959 Plûned
0%
480 Plusulian
0%
1 651 Pluvaeg
0%
1 103 Pluvaelgad
0%
1 367 Pluvaodan
0%
1 744 Priel
0%
389 Rioleg
0%
253 Runan
0%
596 Ruskad
0%
2 241 Sant-Alvan
0%
387 Sant-Andrev-an-Dour
0%
1 225 Sant-Barnev
0%
266 Sant-Bic'hi
0%
479 Sant-Denwal
0%
2 286 Sant-Eganton
0%
214 Sant-Fieg
0%
654 Sant-Glenn
0%
1 528 Sant-Haelen
0%
123 Sant-Ijo
0%
2 046 Sant-Juluan-Pentevr
0%
1 077 Sant-Karneg
0%
870 Sant-Kleve
0%
491 Sant-Laorañs
0%
881 Sant-Loheñvel
0%
224 Sant-Loup
0%
223 Sant-Maden
0%
398 Sant-Maodan
0%
283 Sant-Maodez
0%
267 Sant-Melar
0%
180 Sant-Nigouden
0%
383 Sant-Pever
0%
821 Sant-Postan
0%
544 Sant-Rieg
0%
350 Sant-Rien
0%
510 Sant-Rivoued
0%
1 639 Sant-Samzun
0%
410 Sant-Servez-Kallag
0%
358 Sant-Stefan-ar-Roudouz
0%
383 Sant-Teliav
0%
184 Sant-Trifin
0%
466 Sant-Vaeg
0%
2 298 Sant-Vedan
0%
762 Sant-Vran
0%
247 Sant-Weltaz
0%
648 Sant-Yuvad
0%
565 Sant-Yuzeg
0%
1 116 Sevinieg
0%
762 Skiñvieg
0%
2 521 Taden
0%
756 Trabrivan
0%
2 815 Traoñ-Argenon
0%
430 Trebêran
0%
779 Trebria
0%
1 054 Tredarzeg
0%
499 Trediarn
0%
274 Trefermael
0%
8 470 Tregaeg
0%
559 Tregonev
0%
945 Tregonveur
0%
412 Tregrom
0%
2 899 Trelivan
0%
403 Tremael
0%
695 Tremaen
0%
181 Tremargad
0%
724 Tremereg
0%
1 147 Tremorae
0%
706 Tresigne
0%
215 Trevereg
0%
685 Treveron
0%
353 Trezeni
0%
897 Trezeniel
0%
217 Trogeri
0%
Aucun quiz correspondant
Distribution des résultats
% des personnes avec chaque résultat
Percentile par nombre de réponses
Votre historique - résultats
Vous n’avez pas pris ce quiz